Informe anual de la profesión periodística (Registre núm. 6777)
[ vista simple ]
| 000 -CABECERA | |
|---|---|
| Longitud fija campo de control | 00804nab a22002417a 4500 |
| 003 - IDENTIFICADOR DEL NÚMERO DE CONTROL | |
| Identificador del número de control | OSt |
| 005 - FECHA Y HORA DE LA ÚLTIMA TRANSACCIÓN | |
| Fecha y hora de la última transacción | 20231121103117.0 |
| 008 - CÓDIGOS DE INFORMACIÓN DE LONGITUD FIJA | |
| Códigos de información de longitud fija | 141230s2014 sp a|||| |||| 00| 0 spa d |
| 022 ## - NÚMERO INTERNACIONAL NORMALIZADO PARA PUBLICACIONES SERIADAS | |
| Número Internacional Normalizado para Publicaciones Seriadas | 2171-2824 |
| 040 ## - FUENTE DE LA CATALOGACIÓN | |
| Centro transcriptor | CDMR |
| Lengua de catalogación | cat |
| 245 00 - MENCIÓN DE TÍTULO | |
| Título | Informe anual de la profesión periodística |
| 260 ## - PUBLICACIÓN, DISTRIBUCIÓN, ETC. (PIE DE IMPRENTA) | |
| Lugar de publicación, distribución, etc. | Madrid : |
| Nombre del editor, distribuidor, etc. | Asociación de la Prensa de Madrid, |
| Fecha de publicación, distribución, etc. | 2004- |
| 300 ## - DESCRIPCIÓN FÍSICA | |
| Extensión | vol. : |
| Otras características físicas | il. col., gràf. |
| Dimensiones | 26 cm |
| 310 ## - PERIODICIDAD ACTUAL | |
| Periodicidad actual | Anual |
| 362 0# - FECHAS DE PUBLICACIÓN Y/O DESIGNACIÓN SECUENCIAL | |
| Fecha de publicación y/o designación secuencial | 2004- |
| 500 ## - NOTA GENERAL | |
| Nota general | Cada volum té ISBN i DL diferents |
| 650 04 - PUNTO DE ACCESO ADICIONAL DE MATERIA - TÉRMINO DE MATERIA | |
| 9 (RLIN) | 3726 |
| Término de materia o nombre geográfico como elemento inicial | Periodistes |
| Subdivisión geográfica | Espanya |
| 650 04 - PUNTO DE ACCESO ADICIONAL DE MATERIA - TÉRMINO DE MATERIA | |
| 9 (RLIN) | 4120 |
| Término de materia o nombre geográfico como elemento inicial | Empreses periodístiques |
| Subdivisión geográfica | Espanya |
| 650 04 - PUNTO DE ACCESO ADICIONAL DE MATERIA - TÉRMINO DE MATERIA | |
| 9 (RLIN) | 4341 |
| Término de materia o nombre geográfico como elemento inicial | Mercat de treball |
| Subdivisión geográfica | Espanya |
| 710 2# - PUNTO DE ACCESO ADICIONAL - NOMBRE DE ENTIDAD | |
| 9 (RLIN) | 87 |
| Nombre de entidad o nombre de jurisdicción como elemento inicial | Asociación de la Prensa de Madrid |
| 856 ## - LOCALIZACIÓN Y ACCESO ELECTRÓNICO | |
| Identificador Uniforme del Recurso (URI) | <a href="https://www.apmadrid.es/publicaciones/informe-anual-de-la-profesion/">https://www.apmadrid.es/publicaciones/informe-anual-de-la-profesion/</a> |
| Nota pública | Accés lliure |
| 942 ## - ENTRADA DE ELEMENTOS AGREGADOS (KOHA) | |
| Koha [por defecto] tipo de item | Publicacions periòdiques |
| Fuente de clasificaión o esquema | |
| Suprimido | Perdido | Estropeado | No para préstamo | Localización permanente | Localización actual | Fecha adquisición | Fuente de adquisición | Coste, precio normal de compra | Serie de enumeración / cronología | Préstamos totales | Signatura completa | Código de barras | Fecha última consulta | Coste, precio reemplazado | Fecha del precio de reemplazo | Tipo de item de Koha |
|---|---|---|---|---|---|---|---|---|---|---|---|---|---|---|---|---|
| CPC Lleida | CPC Lleida | 2016-07-14 | 2007 | 314ANU | LLEIDA1312613735 | 2016-07-14 | 2016-07-14 | Publicacions periòdiques | ||||||||
| Centre de Documentació Montserrat Roig | Centre de Documentació Montserrat Roig | 2015-12-30 | Intercanvi | 20.00 | 2015 | Bb | CDMR1412301413 | 2014-12-30 | 20.00 | 2014-12-30 | Publicacions periòdiques | |||||
| Centre de Documentació Montserrat Roig | Centre de Documentació Montserrat Roig | 2014-12-30 | Intercanvi | 2014 | Bb | CDMR16070009 | 2016-07-14 | 2016-07-14 | Publicacions periòdiques | |||||||
| Centre de Documentació Montserrat Roig | Centre de Documentació Montserrat Roig | 2013-12-30 | Intercanvi | 2013 | Bb | CDMR16070010 | 2016-07-14 | 2016-07-14 | Publicacions periòdiques | |||||||
| Centre de Documentació Montserrat Roig | Centre de Documentació Montserrat Roig | 2012-12-30 | Intercanvi | 2012 | Bb | CDMR16070011 | 2016-07-14 | 2016-07-14 | Publicacions periòdiques | |||||||
| Centre de Documentació Montserrat Roig | Centre de Documentació Montserrat Roig | 2011-12-30 | Intercanvi | 2011 | Bb | CDMR16070012 | 2016-07-14 | 2016-07-14 | Publicacions periòdiques | |||||||
| Centre de Documentació Montserrat Roig | Centre de Documentació Montserrat Roig | 2010-12-30 | Intercanvi | 2010 | Bb | CDMR16070013 | 2016-07-14 | 2016-07-14 | Publicacions periòdiques | |||||||
| Centre de Documentació Montserrat Roig | Centre de Documentació Montserrat Roig | 2008-12-30 | Intercanvi | 2008 | Bb | CDMR16070014 | 2016-07-14 | 2016-07-14 | Publicacions periòdiques | |||||||
| Centre de Documentació Montserrat Roig | Centre de Documentació Montserrat Roig | 2007-12-30 | Intercanvi | 2007 | Bb | CDMR16070015 | 2016-07-14 | 2016-07-14 | Publicacions periòdiques | |||||||
| Centre de Documentació Montserrat Roig | Centre de Documentació Montserrat Roig | 2006-12-30 | Intercanvi | 2006 | Bb | CDMR16070016 | 2016-07-14 | 2016-07-14 | Publicacions periòdiques | |||||||
| Centre de Documentació Montserrat Roig | Centre de Documentació Montserrat Roig | 2004-12-30 | Intercanvi | 2004 | Bb | CDMR16070017 | 2016-07-14 | 2016-07-14 | Publicacions periòdiques | |||||||
| Centre de Documentació Montserrat Roig | Centre de Documentació Montserrat Roig | 2016-12-20 | Intercanvi | 20.00 | 2016 | Bb | CDMR16120002 | 2016-12-20 | 20.00 | 2016-12-20 | Publicacions periòdiques | |||||
| Centre de Documentació Montserrat Roig | Centre de Documentació Montserrat Roig | 2018-01-11 | Intercanvi | 20.00 | 2017 | Bb | CDMR18010004 | 2018-01-11 | 20.00 | 2018-01-11 | Publicacions periòdiques | |||||
| Centre de Documentació Montserrat Roig | Centre de Documentació Montserrat Roig | 2019-03-18 | Intercanvi | 10.00 | 2018 | Bb | CDMR19030001 | 2019-03-18 | 10.00 | 2019-03-18 | Publicacions periòdiques | |||||
| Centre de Documentació Montserrat Roig | Centre de Documentació Montserrat Roig | 2020-01-22 | Intercanvi | 20.00 | Bb | CDMR20010007 | 2020-01-22 | 20.00 | 2020-01-22 | Publicacions periòdiques |